|
|
|
|
| LEADER |
01619nam a2200289 a 4500 |
| 001 |
GR-MES15195 |
| 008 |
030311s2001 gr b 000 0 gre d |
| 020 |
|
|
|a 9601600655
|q χαρτόδ.
|
| 040 |
|
|
|a GrPaTEI
|b gre
|c GR-PaULI
|
| 040 |
|
|
|a GrPaTEI
|b gre
|c GR-PaULI
|
| 041 |
0 |
|
|a gre
|h fre
|
| 082 |
|
0 |
|a 330.945
|2 21
|
| 245 |
0 |
2 |
|a Ο κόσμος τον 21ο αιώνα :
|b 80 κείμενα για να κατανοήσουμε τη νέα τάξη πραγμάτων ; Επιμέλεια : Serge Cordellier ; Μετάφραση: Μαριλένα Αλεβίζου.
|
| 250 |
|
|
|a 4η έκδ.
|
| 260 |
|
|
|a Αθήνα :
|b Εκδόσεις Πατάκη,
|c 2001
|
| 300 |
|
|
|a 431 σ. ;
|c 24 εκ.
|
| 500 |
|
|
|a Μετάφραση του: Le nouvel etat du monde: les 80 idees-forces pour entrer dans le 21e siecle.
|
| 504 |
|
|
|a Περιλαμβάνει βιβλιογραφικές παραπομπές.
|
| 650 |
|
4 |
|a Οικονομία
|x Ιστορία
|z Ελλάς
|
| 700 |
1 |
|
|a Cordellier, Serge
|
| 700 |
1 |
|
|a Αλεβίζου, Μαριλένα
|
| 700 |
1 |
|
|a Δάμτσας, Σπύρος
|
| 942 |
|
|
|2 ddc
|
| 952 |
|
|
|0 0
|1 0
|2 ddc
|4 0
|6 330_945000000000000_ΚΟΣ
|7 0
|9 273016
|a MSLG
|b MSLG
|c BSC
|d 2021-01-17
|e 24
|f 0
|g 0.00
|l 0
|o 330.945 ΚΟΣ
|p 2420000024623
|r 2021-01-17 00:00:00
|t 2
|v 2021.00
|w 2021-01-17
|y BK15
|x 20140704 0 Κ.Σ. 1
|x GrPaTEI
|
| 952 |
|
|
|0 0
|1 0
|2 ddc
|4 0
|6 330_945000000000000_ΚΟΣ
|7 0
|9 273017
|a MSLG
|b MSLG
|c BSC
|d 2021-01-17
|e 24
|f 1
|g 0.00
|l 0
|o 330.945 ΚΟΣ
|p 2420000023805
|r 2021-01-17 00:00:00
|t 1
|w 2021-01-17
|y BK15
|x 20090513 0 ΤΣΑΝΤΑΡΛΙΩΤΗ 1
|x GrPaTEI
|
| 971 |
|
|
|a .b25812440
|b 16-04-20
|c 13-09-16
|
| 999 |
|
|
|c 158029
|d 158029
|